000 00310nam a22001217a 4500
008 160423b xxu||||| |||| 00| 0 eng d
020 _a9789996002328
020 _a0721602215
041 _aeng
080 _a618.2
245 _aMedical surgical nursing:
_cJoyce M. Blacka; Jane Hokanson Hawks;
942 _2udc
_cBK
999 _c1552
_d1552